Un médico rural. (Registro nro. 3141)
[ vista simple ]
| 000 -LEADER | |
|---|---|
| fixed length control field | 01250nam a2200193 a 4500 |
| 008 - CAMPO DE CONTROL (LIBRO) | |
| fixed length control field | 220829n A ||||gr|||| 001 1 SPA d |
| 020 ## - INTERNATIONAL STANDARD BOOK NUMBER | |
| ISBN | 9506951059 |
| 041 ## - CODIGO DE IDIOMA | |
| Código de idioma del texto/pista de sonido o título separado | spa |
| 092 ## - SIGNATURA TOPOGRAFICA DEWEY LOCAL | |
| número de clasificación | 808 |
| libristica | KAF |
| sección | 46 |
| 100 1# - ENTRADA PRINCIPAL--NOMBRE PERSONAL | |
| Nombre personal | Kafka, Franz |
| 9 (RLIN) | 4203 |
| 245 3# - TITULO PROPIAMENTE DICHO | |
| Título | Un médico rural. |
| Subtítulo y Título paralelo | Y otros relatos / |
| Mención de responsabilidad y remanente de la transcripción de la portada | Franz Kafka |
| 250 ## - MENCION DE EDICION | |
| Mención de edición | 1a ed. |
| Mención de responsabilidad relacionada con la ed. | Traducción Wilcok, J. R. |
| 260 ## - PIE DE IMPRENTA | |
| Lugar de publicación, distribución, etc | Buenos Aires: |
| Nombre de la editorial, distribuidor, etc | Alianza editorial, |
| Fecha de publicación | s/f |
| 300 ## - DESCRIPCION FISICA | |
| Extension | 93 p. |
| 500 ## - NOTA GENERAL | |
| Nota general | Kafka, F. (s/f). Un médico rural. Y otros relatos. (1a ed.). Buenos Aires : Alianza editorial. |
| 505 ## - NOTA DE CONTENIDO | |
| Nota de contenido formateada | Un médico rural tiene que ir a visitar a un enfermo que está en un pueblo vecino, pero su caballo ha muerto y no tiene medio de transporte. Un palafrenero acude en su ayuda y le presta dos caballos, aunque sus verdaderas intenciones no son altruistas. Atravesando una fuerte tormenta de nieve, el doctor llega hasta el hogar del paciente. Una vez allí, tiene la sensación de haber sido víctima de un engaño y teme ser objeto de nuevas burlas. Con este relato, Kafka se adentra en el duro oficio del médico rural, nos desvela sus miedos y complejos, se solidariza con un humilde doctor que sufre con frecuencia la ingratitud de los que le rodean. |
| 655 ## - MATERIA - GENERO/FORMA | |
| Género/Forma | Literatura |
| -- | 2917 |
| 942 ## - ADDED ENTRY ELEMENTS (KOHA) | |
| Source of classification or shelving scheme | Dewey Decimal Classification |
| Item type | LITERATURA |
| Estado de retiro | Existencia | Fuente de clasificación | Estado general | No para prestamo | Ubicación permanente | ubicación actual | Fecha de adquisición | Fuente de adquisición | Total Checkouts | Número de clasificación | Código de barras | Date last seen | Número de ejemplar | Price effective from | Koha tipo de elemento (item) | Public note | Coded location qualifier | Sala de ubicación | Date last borrowed |
|---|---|---|---|---|---|---|---|---|---|---|---|---|---|---|---|---|---|---|---|
| Dewey Decimal Classification | Biblioteca Medicina | Biblioteca Medicina | 29/08/2022 | Donación de Leonardo Orellana Kittsteiner, agosto 2022 | 808 46 KAF | 4781 | 29/08/2022 | Ej.1 | 29/08/2022 | LITERATURA | Donación de Leonardo Orellana Kittsteiner, agosto 2022. | ||||||||
| Dewey Decimal Classification | Biblioteca Medicina | Biblioteca Medicina | 14/09/2023 | Donación Agosto 2023. | 2 | 808 46 KAF | 4875 | 16/12/2024 | Ej.2 | 14/09/2023 | LITERATURA | Donación Agosto 2023 | Circulación | 11/12/2024 |